000 00572nam a22001817a 4500
005 20231107075811.0
008 231107b |||||||| |||| 00| 0 eng d
020 _a04090135520
041 _aEnglish
082 _a346.47 BUR
100 _aBurrell, TD
_lEnglish
245 _aBurrell: South African Patent Law and Practice /
_cTD Burrell
250 _aSecond Edition
260 _aDurban :
_bButterworth Publishers (Pty) Ltd,
_c1986
300 _bxxxvii, 699 pages ;
_c25,5 cm.
650 _aLegal practice
_bLaw
942 _cBK
_6ALISON_BN_VRIES
999 _c350
_d350